000 00620nam a2200265Ia 4500
005 20260121161435.0
008 008 260114s9999 xx 000 0 eng d
020 _a9780429088049
037 _aEBOOK
040 _aCRL
040 _beng
040 _cCRL
041 _2eng
041 _aeng
084 _qCRL
100 _aHandbook of Cyanobacteria
_91044836
245 0 _aT. A. Sarma
260 _bTaylor and Francis
260 _c2013
650 _aBotany
_91044837
856 _uhttp://www.taylorfrancis.com/books/9780429088049
942 _cEBOOK
999 _c1610826
_d1610826